Bond Yields and Stock Returns Comparison Using Wavelet Semblance Analysis

Analýza vzájomného porovnania cien akcií a výnosov vládnych dlhopisov dvoch hlavných svetových ekonomík s využitím kontinuálnej vlnovej transformácie v rozsahu a čase.

Na minha lista:
Detalhes bibliográficos
Autor principal: Verner, Robert, 1986-
Outros Autores: Herbrik, Gabriel
Formato: Capítulo de Livro
Idioma:inglês
Assuntos:
Tags: Adicionar Tag
Sem tags, seja o primeiro a adicionar uma tag!

MARC

LEADER 00000naa a2200000 4500
001 0238061
005 20240502083637.4
041 0 |a eng 
044 |a UA 
245 1 0 |a Bond Yields and Stock Returns Comparison Using Wavelet Semblance Analysis  |c Róbert Verner, Gabriel Herbrik 
520 |a Analýza vzájomného porovnania cien akcií a výnosov vládnych dlhopisov dvoch hlavných svetových ekonomík s využitím kontinuálnej vlnovej transformácie v rozsahu a čase. 
610 2 0 |a výnosy 
610 2 0 |a dlhopisy 
610 2 0 |a indexy akciové 
610 2 0 |a rady časové 
100 1 |a Verner, Robert, 1986- 
700 1 |a Herbrik, Gabriel